000 00570nam a2200205Ia 4500
003 OSt
005 20250821151628.0
008 220917b |||||||| |||| 00| 0 eng d
037 _cTB
040 _aARTS
_cARTS
_beng
041 _2eng
_aeng
084 _aV:(R) K4
_qAL
100 _aDray William H
_997542
245 0 _aPhilosophy of history
260 _aNew Jersey
_bPrentice Hall
_c1964
490 _aPrentice Hall Foundation of Philosophy series
650 _aHISTORY
942 _hV:(R) K4
_cTB
_2CC
_n0
999 _c216117
_d216117